Čo je nové v daňovoprávnej legislatíve
Informácie o daňovoprávnych opatreniach od 13. decembra 1998 - 24. decembra 1998.
Saved in:
| Main Author: | |
|---|---|
| Format: | Book Chapter |
| Language: | Slovak |
| Subjects: | |
| Tags: |
No Tags, Be the first to tag this record!
|
MARC
| LEADER | 00000naa a2200000 4500 | ||
|---|---|---|---|
| 001 | r033007 | ||
| 005 | 20230911132023.6 | ||
| 041 | 0 | |a slo | |
| 044 | |a SK | ||
| 245 | 1 | 0 | |a Čo je nové v daňovoprávnej legislatíve |c Peter Rendek |
| 520 | |a Informácie o daňovoprávnych opatreniach od 13. decembra 1998 - 24. decembra 1998. | ||
| 610 | 2 | 0 | |a dane |
| 610 | 2 | 0 | |a zákony |
| 610 | 2 | 0 | |a legislatíva |
| 610 | 2 | 0 | |a Slovensko |
| 610 | 2 | 0 | |a 1998 |
| 100 | 1 | |a Rendek, Peter | |